Kaiser des Heiligen Römischen Reiches und Österreichs. - Statistiken

Allgemein
  • Dieses Quiz wurde 2.973 mal gespielt
  • Das Durchschnittsergebnis liegt bei 31 aus 53
Antwortstatistiken
Dynasty Reign Emperor % Korrekt
Karolinger 800 - 814 Karl I.
95%
1916 - 1918 Karl I.
95%
875 - 877 Karl II.
95%
881 - 888 Karl III.
95%
1355 - 1378 Karl IV.
95%
1519 - 1558 Karl V.
95%
1711 - 1740 Karl VI.
95%
Wittelsbach 1742 - 1745 Karl VII.
95%
Lothringen 1745 - 1765 Franz I.
87%
Habsburg - Lothringen 1804 - 1835 Franz I.
87%
1792 - 1806 Franz II.
87%
1155 - 1190 Friedrich I.
78%
Staufer 1215 - 1250 Friedrich II.
78%
Habsburger 1452 - 1493 Friedrich III.
78%
Liudolfinger 962 - 973 Otto I.
76%
967 - 983 Otto II.
76%
996 - 1002 Otto III.
76%
Welfen 1209 - 1215 Otto IV.
76%
814 - 840 Ludwig I.
70%
855 - 875 Ludwig II.
70%
Buviniden 901 - 905 Ludwig III.
70%
1328 - 1347 Ludwig IV.
70%
1556 - 1564 Ferdinand I.
65%
1705 - 1711 Joseph I.
65%
Habsburg - Lothringen 1765 - 1790 Joseph II.
65%
1014 - 1024 Heinrich II.
62%
1046 - 1056 Heinrich III.
62%
1084 - 1105 Heinrich IV.
62%
1111 - 1125 Heinrich V.
62%
1191 - 1197 Heinrich VI.
62%
Luxemburg - Wittelsbach 1312 - 1313 Heinrich VII.
62%
1835 - 1848 Ferdinand I.
59%
1619 - 1637 Ferdinand II.
59%
1637 - 1657 Ferdinand III.
59%
1848 - 1867 Franz Joseph I.
46%
1867 - 1916 Franz Joseph I.
46%
1508 - 1519 Maximilian I.
45%
1564 - 1576 Maximilian II.
45%
Habsburger 1273 - 1291 Rudolf I.
37%
1576 - 1612 Rudolf II.
37%
1658 - 1705 Leopold I.
33%
1790 - 1792 Leopold II.
33%
Salier 1027 - 1039 Konrad II.
29%
Staufer 1138 - 1152 Konrad III.
29%
840 - 855 Lothar II.
29%
Süpplingenburg 1133 - 1137 Lothar III.
29%
1298 - 1308 Albrecht I.
23%
1612 - 1619 Matthias
19%
1411 - 1437 Sigismund
18%
Guidonen 891 - 894 Guido
17%
Karolinger 896 - 898 Arnolf
13%
Unruochinger 915 - 924 Berengar
7%
894 - 898 Lambert
6%
Keine übereinstimmenden Quizze gefunden
Verteilung der Resultate
Anzahl Personen mit jedem Resultat
Perzentil nach korrekt beantworteten Fragen
Ihre Resultats-Entwicklung
Sie haben dieses Quiz noch nicht gespielt